Predikčné modely pri odhade úverového rizika

Prehľad modelov odhadu pravdepodobnosti zlyhania dlžnika. Modely sú založené na fundamentálnych údajoch, ktoré sú prakticky využitelné v podmienkach SR, s dôrazom na modely využívajúce informácie z účtovných výkazov.

Enregistré dans:
Détails bibliographiques
Auteur principal: Hurtošová, Jana
Format: Chapitre de livre
Langue:slovaque
Sujets:
Tags: Ajouter un tag
Pas de tags, Soyez le premier à ajouter un tag!

MARC

LEADER 00000naa$a2200000$$$4500
001 0073376
005 20240716095545.1
041 0 |a slo 
044 |a SK 
245 1 0 |a Predikčné modely pri odhade úverového rizika  |c Jana Hurtošová 
520 |a Prehľad modelov odhadu pravdepodobnosti zlyhania dlžnika. Modely sú založené na fundamentálnych údajoch, ktoré sú prakticky využitelné v podmienkach SR, s dôrazom na modely využívajúce informácie z účtovných výkazov. 
610 2 0 |a riziko úverové 
610 2 0 |a odhady 
610 2 0 |a informácie 
610 2 0 |a Slovensko 
610 2 0 |a výkazy účtovné 
610 2 0 |a modely analytické ekonometrické 
100 1 |a Hurtošová, Jana